00521nam a2200157 a 450000100100000000500170001000800410002704000250006808200180009310000480011124500670015926000660022630000200029265000240031265000270033600003276620240412074256.0110726s1940 dr 000 p spa d aDO-SdBNPbspacBNPHU aRD861.4bI37p1 aIncháustegui Cabral, Héctor,d1912-197910aPoemas de una sola angustia /cHéctor Incháustegui Cabral. aCiudad Trujillo, República Dominicana :bLa Unión,c1940. a92 p. ;c19 cm. 0aPoesía dominicana 0aLiteratura dominicana.